| 000 | 00340nam a2200133Ia 4500 | ||
|---|---|---|---|
| 008 | 210210b1958 xxu||||| |||| 00| 0 eng d | ||
| 082 | _a310/14 | ||
| 100 | _aBHIMASENA RAO (D R). | ||
| 245 | _aText book of social sciences. | ||
| 260 |
_aMysore _bSree Ramachandra book depot _c1958 |
||
| 300 | _a360 | ||
| 690 | _aSociology | ||
| 906 | _a001506 | ||
| 999 |
_c77641 _d77641 |
||